书目信息 |
| 题名: |
欧阳山研究文集
|
|
| 作者: | 袁向东 主编 | |
| 分册: | ||
| 出版信息: | 北京 中国文史出版社 2008 |
|
| 页数: | 584页 | |
| 开本: | 21cm | |
| 丛书名: | ||
| 单 册: | ||
| 中图分类: | K825.6=76 , I206.7 , I206.7 | |
| 科图分类: | ||
| 主题词: | 文学研究 , 文学--中国 | |
| 电子资源: | ||
| ISBN: | 978-7-5034-2167-9 | |
| 000 | 01093nam0 2200337 450 | |
| 001 | 1358162078 | |
| 005 | 20131010161020.73 | |
| 010 | @a978-7-5034-2167-9@dCNY180.00(全套) | |
| 090 | @aK825.6=76@byxd | |
| 096 | @aI206.7@byxd | |
| 100 | @a20090313d2008 kemy0chiy50 ea | |
| 101 | 0 | @achi |
| 102 | @aCN@b110000 | |
| 105 | @aa z 000yd | |
| 106 | @ar | |
| 200 | 1 | @a欧阳山研究文集@b专著@f袁向东主编@Aou yang shan yan jiu wen ji |
| 210 | @a北京@c中国文史出版社@d2008 | |
| 215 | @a584页@d21cm | |
| 300 | @a百年欧阳山/余飘,李天平,欧阳代娜主编 | |
| 330 | @a本书收集了从1935年到2007年40余年来有代表性的欧阳山研究成果,反映欧阳山研究的发展过程和主要成就,按传记研究、文学史评论、作品评论选粹体例编就。 | |
| 600 | 0 | @a欧阳山 |
| 600 | 0 | @a欧阳山@x人物研究 |
| 600 | 0 | @a欧阳山@x文学研究 |
| 606 | 0 | @a文学研究 |
| 606 | 0 | @a文学@x中国 |
| 690 | @aK825.6=76@v4 | |
| 690 | @aI206.7@v4 | |
| 690 | @aI206.7@v4 | |
| 701 | 0 | @a袁向东@f(1964~)@4主编@Ayuan xiang dong |
| 801 | 0 | @aCN@b大连网信软件有限公司图书馆·11@c20131010 |
| 905 | @aZUCC@dI206.7@e282:6 | |
| 欧阳山研究文集/袁向东主编.-北京:中国文史出版社,2008 |
| 584页;21cm |
| 百年欧阳山/余飘,李天平,欧阳代娜主编 |
| ISBN 978-7-5034-2167-9:CNY180.00(全套) |
| 本书收集了从1935年到2007年40余年来有代表性的欧阳山研究成果,反映欧阳山研究的发展过程和主要成就,按传记研究、文学史评论、作品评论选粹体例编就。 |
| ● |
| 相关链接 |
|
|
|
|
正题名:欧阳山研究文集
索取号:I206.7/282:6
 
预约/预借
| 序号 | 登录号 | 条形码 | 馆藏地/架位号 | 状态 | 备注 |
| 1 | 0625705 | 206257058 | 第一样本阅览室/ [索取号:I206.7/282:6] | 在馆 |